| 000 | 00446nam a2200157 4500 | ||
|---|---|---|---|
| 001 | 117441 | ||
| 003 | ES-MaACL | ||
| 005 | 20230906190914.0 | ||
| 007 | t| | ||
| 008 | 070214s1953 sp r ||||1| spa d | ||
| 100 | 1 |
_aPera Verdaguer, Francisco. _990340 |
|
| 245 | 1 | 0 |
_aJurisdicción y competencia / _cFrancisco Pera Verdaguer. |
| 260 |
_aBarcelona : _bBosch, _c1953. |
||
| 300 |
_aVIII, 893 p. ; _c20 cm. |
||
| 852 |
_aES-MaACL _jD-8862 _bR.34209 |
||
| 999 |
_c117441 _d117441 |
||